000 00487nam a22001697a 4500
005 20260310135521.0
008 260310b |||||||| |||| 00| 0 eng d
020 _a978-93-91558-22-2
041 _aMarathi
082 _aX 891 JEV B12303
100 _aजेवणे, दीपक
_9216936
245 _aसंतांचे समरसता सूत्र
260 _aPune
_bBharatiya Vichar Sadhana
_c2021
300 _a119p
_bpb
365 _aRupaye
_b130
_cINR
942 _cBK
999 _c370660
_d370660